Biodiversity in the balance : (Record no. 18918)

000 -LEADER
fixed length control field 00532cam a2200181Ia 4500
020 ## - INTERNATIONAL STANDARD BOOK NUMBER
ISBN 9789546425164 (pbk.)
020 ## - INTERNATIONAL STANDARD BOOK NUMBER
ISBN 9546425168
040 ## - CATALOGING SOURCE
Transcribing agency BTCTA
082 04 - DEWEY DECIMAL CLASSIFICATION NUMBER
Classification number 577 PEN 2009 C154 Or.
245 00 - TITLE STATEMENT
Title Biodiversity in the balance :
Remainder of title mitigation and adaptation conflicts and synergies /
260 ## - PUBLICATION, DISTRIBUTION, ETC. (IMPRINT)
Place of publication Sofia :
Name of publisher Pensoft,
Year of publication 2009
300 ## - PHYSICAL DESCRIPTION
Number of Pages 300 p. :
Other physical details ill. (some col.) ;
Dimensions 24 cm
650 #0 - SUBJECT ADDED ENTRY--TOPICAL TERM
Topical Term Biodiversity conservation
650 #0 - SUBJECT ADDED ENTRY--TOPICAL TERM
Topical Term Biodiversity
650 #0 - SUBJECT ADDED ENTRY--TOPICAL TERM
Topical Term Climate change mitigation
700 1# - ADDED ENTRY--PERSONAL NAME
Personal name Berry, Pam
942 ## - ADDED ENTRY ELEMENTS (KOHA)
Koha item type ADB
952 ## - LOCATION AND ITEM INFORMATION (KOHA)
Withdrawn status [LOCAL, KOHA] 0
Holdings
Koha item type Source of acquisition Lost status Permanent Location Current Location Date acquired Full call number
សៀវភៅភាសាអង់គ្លេសA34104 Library Block CLibrary Block C2020-02-11577 PEN 2009 C154 Or.
មជ្ឈមណ្ឌលឯការនៃសាកលវិទ្យាល័យភូមិន្ទកសិកម្មចំការដូង

Powered by Koha